LEADER 00760nam a2200217 i 4500 001 000000223670 003 CaOOAMICUS 005 20131017000000.0 008 131017s1792 it u000 u fre u 013 $a202568 026 $aE.RE ,&si e,e, qule (3) 1792 (A) 040 $aSeMil$bita 245 10$aTome 56. 300 $a[4], 336 p. 500 $aContiene : Dictionnaire philosophique. 773 0 $aVoltaire <1694-1778>$tOeuvres completes de m. de Voltaire. Tome 1. [-100.].$dA Lyon : Chez J. B. Delamollière, 1791-1792.$g56$w()28886 850 $aSeMil 852 $aSeMil$W1$xVenegono$y1$m2Q I 136 FA$j174016$B174016$CSeMilBibl$Z2$F184252 $8I 941 1 $a10 961 $aRecupero: Mantegazza 996 $6245$aTome 56$9(OLS)http://semarc/title/320707 LEADER 00578nab a2200157 i 4500 001 000000275822 003 CaOOAMICUS 005 20230908102905.0 008 180831s1806 it uu u0 0ita r 013 $a25243 040 $aSeMil$bita 100 1 $aGiovanelli, Benedetto.$0(OLS)http://semarc/name/84160 245 12$aL'amor paterno in contrasto commedia inedita del signor Benedetto Giovanelli. 773 0 $tTomo 10.$w()204880 996 $6245$aL'amor paterno in contrasto commedia inedita del signor Benedetto Giovanelli$9(OLS)http://semarc/title/361617